NBA Players by Jersey Number - Statistics

General Stats
  • This quiz has been taken 44 times
    26 since last reset
  • The average score is 26 of 52
Answer Stats
# # of players Players % Correct
0 21 Bradley Beal | Anthony Black | Christian Braun | Miles Bridges | Bilal Coulibaly | Donte DiVincenzo | Ryan Dunn | Jalen Duren | Jeremiah Fears | Simone Fontecchio | Tyrese Haliburton | Aaron Holiday | Jonathan Kuminga | Damian Lillard | Tyrese Maxey | Jordan McLaughlin | Malik Monk | Gary Payton II | Jayson Tatum | Jaylen Wells | Vince Williams Jr.
100%
1 18 LaMelo Ball | Devin Booker | Gradey Dick | Andre Drummond | James Harden | Jonathan Isaac | Jalen Johnson | Tyus Jones | Scotty Pippen Jr. | Terrence Shannon Jr. | Adou Thiero | Amen Thompson | Obi Toppin | Victor Wembanyama | Blake Wesley | Cam Whitmore | Ziaire Williams | Zion Williamson
95%
23 15 Donovan Clingan | Cedric Coward | Tristan da Silva | Anthony Davis | Jordan Goodwin | Draymond Green | Isaiah Jackson | LeBron James | Cameron Johnson | Tre Mann | Lauri Markkanen | Aaron Nesmith | Mitchell Robinson | Jamal Shead
90%
2 20 Jevon Carter | Amir Coffey | Cade Cunningham | Dorian Finney-Smith | Shai Gilgeous-Alexander | Dylan Harper | Ty Jerome | Herbert Jones | Kawhi Leonard | Dereck Lively II | Miles McBride | Jonathan Mogbo | Andrew Nembhard | Brandin Podziemski | Terry Rozier | Collin Sexton | Max Strus | Jarred Vanderbilt | Keaton Wallace | Grant Williams | Danny Wolf
90%
7 19 Santi Aldama | Nickeil Alexander-Walker | Bogdan Bogdanović | Jaylen Brown | Bub Carrington | Rob Dillingham | Kevin Durant | Chet Holmgren | Joe Ingles | Kam Jones | Kon Knueppel | Luke Kornet | Kyle Lowry | Doug McDermott | Kevin Porter Jr. | Kristaps Porziņģis | Dwight Powell | Paul Reed | Kel'el Ware
90%
11 18 Bruce Brown | Jalen Brunson | Carter Bryant | Justin Edwards | Gary Harris | Jaxson Hayes | Oso Ighodaro | Kyrie Irving | Jaime Jaquez Jr. | Isaiah Joe | Ryan Kalkbrenner | Brook Lopez | Leonard Miller | Micah Potter | Payton Pritchard | Naz Reid | Jase Richardson | Domantas Sabonis
86%
5 20 Jose Alvarado | Kyle Anderson | Deandre Ayton | Paolo Banchero | Stephon Castle | Nique Clifford | Dyson Daniels | Luguentz Dort | Anthony Edwards | Quentin Grimes | Jrue Holiday | Ron Holland | Derrick Jones Jr. | Nikola Jović | Sam Merrill | Dejounte Murray | Immanuel Quickley | Gary Trent Jr. | Fred VanVleet | Jarace Walker | Cody Williams
86%
3 18 Desmond Bane | Dillon Brooks | Thomas Bryant | Kentavious Caldwell-Pope | Keyonte George | Josh Giddey | Josh Hart | Brandon Ingram | Keldon Johnson | Jared McCain | CJ McCollum | Jaden McDaniels | Jordan Poole | Will Richard | Julian Strawther | Myles Turner | Coby White | Trae Young
81%
77 5 Jamison Battle | Luka Dončić | V. J. Edgecombe | Ben Saraf | Amari Williams
81%
31 7 Jarrett Allen | Seth Curry | Javonte Green | Jaden Ivey | Jock Landale | Tidjane Salaün | Klay Thompson
81%
30 9 Ochai Agbaji | Adem Bona | Clint Capela | Julian Champagnie | Stephen Curry | Sam Hauser | Tre Jones | Jusuf Nurkić | Julius Randle
81%
32 8 Dylan Cardwell | Cooper Flagg | Aaron Gordon | Jeff Green | Jay Huff | Trayce Jackson-Davis | Karl-Anthony Towns | Dean Wade
76%
8 19 Grayson Allen | OG Anunoby | Deni Avdija | Isaiah Collier | Egor Demin | Kris Dunn | Paul George | Jaden Hardy | Buddy Hield | Bones Hyland | AJ Johnson | Zach LaVine | Caris LeVert | De'Anthony Melton | Kelly Olynyk | Dennis Schröder | Jae'Sean Tate | Peyton Watson | Jalen Williams
76%
9 15 Precious Achiuwa | RJ Barrett | Alex Caruso | Justin Champagnie | Jerami Grant | Bronny James | DeAndre Jordan | Pelle Larsson | Bennedict Mathurin | T. J. McConnell | Kelly Oubre Jr. | Craig Porter Jr. | Bobby Portis | Ausar Thompson | Derrick White
76%
15 7 Brandon Clarke | De'Andre Hunter | Nikola Jokić | Austin Reaves | Gui Santos | Reed Sheppard | Mark Williams
71%
4 16 Scottie Barnes | Walter Clayton Jr. | Pacôme Dadiet | De'Aaron Fox | Jalen Green | Sion James | Dalton Knecht | Evan Mobley | Moses Moody | Julian Phillips | Drake Powell | Kobe Sanders | Jalen Suggs | Matisse Thybulle | Gabe Vincent | Nikola Vučević
71%
13 8 Bam Adebayo | Ayo Dosunmu | Jett Howard | Tyler Kolek | Naji Marshall | Keegan Murray | Nick Richards | Ryan Rollins
67%
10 12 Jimmy Butler | DeMar DeRozan | Darius Garland | Josh Green | Tim Hardaway Jr. | Luke Kennard | Khaman Maluach | Sviatoslav Mykhailiuk | Zaccharie Risacher | Jabari Smith Jr. | Jeremy Sochan | Brandon Williams
67%
22 15 Johni Broome | Devin Carter | Jaylen Clark | Nikola Đurišić | Kyle Filipowski | Taylor Hendricks | Jaren Jackson Jr. | Larry Nance Jr. | Zeke Nnaji | Derik Queen | Anfernee Simons | Franz Wagner | Cason Wallace | Andrew Wiggins | Jalen Wilson
67%
24 14 Kobe Brown | Noa Essengue | Jordan Hawkins | Daniss Jenkins | Walker Kessler | Corey Kispert | Brandon Miller | Kris Murray | Jalen Pickett | Norman Powell | Tyrese Proctor | Cam Spencer | Cam Thomas | Devin Vassell
67%
21 10 Noah Clowney | Pat Connaughton | Ousmane Dieng | Joel Embiid | Daniel Gafford | Yves Missi | Quinten Post | Rayan Rupert | Moritz Wagner | Aaron Wiggins
67%
12 14 Steven Adams | Cam Christie | Zach Collins | Johnny Furphy | Collin Gillespie | Tobias Harris | Tre Johnson | Jake LaRavia | Ja Morant | Collin Murray-Boyles | Taurean Prince | Dru Smith | Thomas Sorber | Trendon Watford
67%
34 4 Giannis Antetokounmpo | Wendell Carter Jr. | Bobi Klintman | Kenrich Williams
62%
00 6 Max Christie | Jordan Clarkson | Scoot Henderson | Josh Minott | Royce O'Neale | Jericho Sims
62%
6 1 Jaylin Williams
57%
44 4 Andre Jackson Jr. | Landry Shamet | Nikola Topić | Patrick Williams
52%
25 8 Dominick Barlow | Mikal Bridges | Kasparas Jakučionis | Ajay Mitchell | Trey Murphy III | Marcus Sasser | Jalen Smith | P. J. Washington
52%
27 6 Rudy Gobert | Kevin Huerter | Vít Krejčí | Jamal Murray | Will Riley | Jordan Walsh
52%
28 6 Hugo González | Rui Hachimura | Alperen Şengün | Brice Sensabaugh | Isaiah Stewart | Guerschon Yabusele
48%
35 5 Marvin Bagley III | Goga Bitadze | Isaac Okoro | Nae'Qwan Tomlin | Robert Williams III
48%
14 13 Matas Buzelis | Moussa Diabaté | Zach Edey | Keon Ellis | Tyler Herro | DaRon Holmes II | Maxi Kleber | Yanic Konan Niederhäuser | Terance Mann | Asa Newell | Micah Peavy | D'Angelo Russell | Dalen Terry | Ja'Kobe Walter
48%
20 10 John Collins | Rasheer Fleming | A. J. Green | Al Horford | Chaz Lanier | Khris Middleton | Josh Okogie | Alex Sarr | Day'Ron Sharpe | Jaylon Tyson
38%
16 4 Anthony Gill | Keshad Johnson | Caleb Martin | Yang Hansen
33%
18 6 Bismack Biyombo | Kobe Bufkin | Kyshawn George | Mouhamed Gueye | Kyle Kuzma | Russell Westbrook
33%
88 2 Neemias Queta | Nolan Traoré
33%
45 3 GG Jackson | Davion Mitchell | Donovan Mitchell
29%
17 8 Tari Eason | Karlo Matković | Onyeka Okongwu | Michael Porter Jr. | Shaedon Sharpe | Garrett Temple | Jonas Valančiūnas
29%
55 6 Isaiah Hartenstein | Ariel Hukporti | John Konchar | Kevon Looney | Duncan Robinson | Baylor Scheierman
24%
61 1 Pat Spencer
24%
43 3 Thanasis Antetokounmpo | Pascal Siakam | Lindy Waters III
24%
36 1 Marcus Smart
19%
50 1 Cole Anthony
14%
33 4 Nicolas Batum | Toumani Camara | Nic Claxton | Liam McNeeley
14%
41 1 Saddiq Bey
14%
42 2 Kevin Love | Maxime Raynaud
10%
54 1 Sandro Mamukelashvili
10%
19 4 Ace Bailey | Joan Beringer | Drew Eubanks | Jakob Poeltl
5%
40 2 Harrison Barnes | Ivica Zubac
5%
51 1 Mohamed Diawara
5%
93 1 Noah Penda
5%
26 2 Ben Sheppard | Xavier Tillman
0%
52 1 Luka Garza
0%
No matching quizzes found
Score Distribution
Percent of People with Each Score
Percentile by Number Answered
Your Score History
You have not taken this quiz since the last reset